La revolucion genetica y sus implicaciones etico juridicas / (Registro nro. 28677)
[ vista simple ]
| 000 -LEADER | |
|---|---|
| fixed length control field | 01770nam a2200253Ia 4500 |
| 003 - CONTROL NUMBER IDENTIFIER | |
| control field | CO-CtgCURN |
| 005 - DATE AND TIME OF LATEST TRANSACTION | |
| control field | 20250411163855.0 |
| 008 - FIXED-LENGTH DATA ELEMENTS--GENERAL INFORMATION | |
| fixed length control field | 190723s9999 xx 000 0 und d |
| 020 ## - INTERNATIONAL STANDARD BOOK NUMBER | |
| International Standard Book Number | 958676088X |
| 040 ## - CATALOGING SOURCE | |
| Original cataloging agency | CO-CtgCURN |
| Language of cataloging | spa |
| Transcribing agency | coctgcurn |
| 082 ## - DEWEY DECIMAL CLASSIFICATION NUMBER | |
| Classification number | 344.041 |
| Item number | C355r |
| 100 ## - MAIN ENTRY--PERSONAL NAME | |
| Personal name | Castro de Arenas, Rosa Herminia |
| 245 #0 - TITLE STATEMENT | |
| Title | La revolucion genetica y sus implicaciones etico juridicas / |
| Statement of responsibility, etc. | Rosa Herminia Castro de Arenas |
| 260 ## - PUBLICATION, DISTRIBUTION, ETC. | |
| Place of publication, distribution, etc. | Bogotá, Colombia : |
| Name of publisher, distributor, etc. | Ediciones Doctrina y Ley, |
| Date of publication, distribution, etc. | 1999 |
| 300 ## - PHYSICAL DESCRIPTION | |
| Extent | 267 páginas ; |
| Dimensions | 20 centímetros |
| 504 ## - BIBLIOGRAPHY, ETC. NOTE | |
| Bibliography, etc. note | Incluye referencias bibliográficas (p. 263-267) |
| 505 ## - FORMATTED CONTENTS NOTE | |
| Formatted contents note | Avances cientificos en reproducción humana con asistencia cientifica -- Grandes logros --Marco general de estos grandes cambios -- La estabilidad perdida -- El derecho como un obstaculo paa el cambio -- Las patentes y la vida -- Genetica y derecho -- Elementos para una discusion -- Las discusiones eticas y juridicas y los mercaderes de al lado -- Anexo 1. Declaracion universal sobre el genoma humano y los derechos humanos -- Anexo 2. declaracion universal de los derechos humanos de las generaciones futuras -- Anexo 3. Decision 391. régimen comun sobre acceso a los recursos geneticos -- Anexo 4. Decreto numero 1546 de 1998 -- Anexo 5. Consejo de Estado. Sala de consulta. Consejero ponente Dr. Cesar Slazar Hoyos. Ref. Recursos geneticos. régimen jurídico del dominio sobre ellos -- Anexo 6. Proceso de clonacion de Dolly |
| 521 ## - TARGET AUDIENCE NOTE | |
| Target audience note | AREA PROFESIONAL |
| 590 ## - LOCAL NOTE (RLIN) | |
| Local note | Programa de Derecho_18 |
| 650 ## - SUBJECT ADDED ENTRY--TOPICAL TERM | |
| Topical term or geographic name entry element | Genetica humana |
| General subdivision | Aspectos legales |
| 942 ## - ADDED ENTRY ELEMENTS (KOHA) | |
| Koha item type | Libros |
| Classification part | 344.041 |
| Item part | C355r |
| Source of classification or shelving scheme | Dewey Decimal Classification |
| Suppress in OPAC | No |
| Withdrawn status | Lost status | Damaged status | Not for loan | Collection | Home library | Current library | Shelving location | Date acquired | Inventory number | Total checkouts | Full call number | Barcode | Date last seen | Copy number | Price effective from | Koha item type |
|---|---|---|---|---|---|---|---|---|---|---|---|---|---|---|---|---|
| Miguel Henríquez Castañeda Barranquilla | Miguel Henríquez Castañeda Barranquilla | General | 05/23/2018 | 01497 | 344.041 C355r | 01497 | 07/23/2019 | ej.1 | 07/23/2019 | Libros | ||||||
| Miguel Henríquez Castañeda Barranquilla | Miguel Henríquez Castañeda Barranquilla | General | 05/23/2018 | 01498 | 344.041 C355r | 01498 | 07/23/2019 | ej.2 | 07/23/2019 | Libros |